000 00628nam a22001817a 4500
005 20180719165256.0
010 _aENG-123565
020 _c250.00
035 _aEN-107097
037 _bDBAD/PUB
082 _a954.035092
100 _aPillai, K. Aiyappan
245 _aChallenging times and my life (Memoirs) /
_cby K. Aiyappan Pillai
_bimprove with lean! /
260 _aThiruvananthapuram
_bSree Uthradom Thirunal Institute of Culture
_c2012
270 _aP.R.A. G-58, G.P.O. Lane, Pulimoodu,
_bThiruvananthapuram
_e695001
300 _axvi,240p.
_c22cm.(pbk)
_bill.
942 _2ddc
_cEN
_h954.035092
_mPIL
999 _c154460
_d154460